Migrant Christians: believing wanderers between cultures and nations

Saved in:  
Bibliographic Details
Main Author: Adamavi-Aho Ekué, Amélé (Author, Other)
Format: Print Article
Language:English
Check availability: HBZ Gateway
Interlibrary Loan:Interlibrary Loan for the Fachinformationsdienste (Specialized Information Services in Germany)
Published: 2009
In: The ecumenical review
Year: 2009, Volume: 61, Issue: 4, Pages: 387-399
Standardized Subjects / Keyword chains:B Europe / Immigrants / Cultural identity / Multi-cultural society
RelBib Classification:AD Sociology of religion; religious policy
Further subjects:B Multikulturalität
B Multi-culturalism
B Europe
B Africa
B mission / world mission
B Christianity
B Mission (international law / Weltmission
B Identity
B immigration / emigration / migration
B Migration / Emigration / Immigration
Parallel Edition:Electronic

MARC

LEADER 00000caa a2200000 c 4500
001 641547102
003 DE-627
005 20250328011139.0
007 tu
008 101210s2009 sz ||||| 00| ||eng c
035 |a (DE-627)641547102 
035 |a (DE-576)467708835 
035 |a (DE-599)GBV641547102 
040 |a DE-627  |b ger  |c DE-627  |e rakwb 
041 |a eng 
044 |c XA-CH 
084 |a 1  |2 ssgn 
100 1 |8 1\p  |0 (DE-588)173165648  |0 (DE-627)69808716X  |0 (DE-576)134016483  |4 aut  |a Adamavi-Aho Ekué, Amélé 
109 |a Adamavi-Aho Ekué, Amélé  |a Aho Ekué, Amélé Adamavi-  |a Ekué, Amélé Adamavi-Aho  |a Ekué, Amélé 
245 1 0 |a Migrant Christians  |b believing wanderers between cultures and nations  |c Amélé Adamavi-Aho Ekué 
264 1 |c 2009 
336 |a Text  |b txt  |2 rdacontent 
337 |a ohne Hilfsmittel zu benutzen  |b n  |2 rdamedia 
338 |a Band  |b nc  |2 rdacarrier 
650 4 |a Auswanderung/Migration/Einwanderung 
650 4 |a Christentum 
650 4 |a Afrika 
650 4 |a Europa 
650 4 |a Identität 
650 4 |a Multikulturalität 
650 4 |a Mission/Weltmission 
650 4 |a emigration/migration/immigration 
650 4 |a Christianity 
650 4 |a Africa 
650 4 |a Europe 
650 4 |a Identity 
650 4 |a Multi-culturalism 
650 4 |a mission/world mission 
652 |a AD 
689 0 0 |d g  |0 (DE-588)4015701-5  |0 (DE-627)104289007  |0 (DE-576)208913092  |2 gnd  |a Europa 
689 0 1 |d s  |0 (DE-588)4151434-8  |0 (DE-627)104262184  |0 (DE-576)20978816X  |2 gnd  |a Einwanderer 
689 0 2 |d s  |0 (DE-588)4033542-2  |0 (DE-627)10625670X  |0 (DE-576)20900259X  |2 gnd  |a Kulturelle Identität 
689 0 3 |d s  |0 (DE-588)4214151-5  |0 (DE-627)105067342  |0 (DE-576)21021869X  |2 gnd  |a Multikulturelle Gesellschaft 
689 0 |5 (DE-627) 
700 1 |0 (DE-588)173165648  |0 (DE-627)69808716X  |0 (DE-576)134016483  |4 oth  |a Adamavi-Aho Ekué, Amélé 
773 0 8 |i In  |t The ecumenical review  |d Oxford : Wiley, 1948  |g 61(2009), 4, Seite 387-399  |w (DE-627)129085324  |w (DE-600)4471-4  |w (DE-576)014419122  |x 0013-0796  |7 nnas 
773 1 8 |g volume:61  |g year:2009  |g number:4  |g pages:387-399 
776 |i Erscheint auch als  |n elektronische Ausgabe  |w (DE-627)1937238628  |k Electronic 
776 1 |o 10.1111/j.1758-6623.2009.00036.x 
883 |8 1\p  |a cgwrk  |d 20250301  |q DE-101  |u https://d-nb.info/provenance/plan#cgwrk 
889 |w (DE-627)1647031389 
935 |a mteo 
935 |i mdedup 
951 |a AR 
ELC |b 1 
ITA |a 1  |t 1 
LOK |0 000 xxxxxcx a22 zn 4500 
LOK |0 001 3321307960 
LOK |0 003 DE-627 
LOK |0 004 641547102 
LOK |0 005 20241116172431 
LOK |0 008 160404||||||||||||||||ger||||||| 
LOK |0 040   |a DE-Tue135  |c DE-627  |d DE-Tue135 
LOK |0 092   |o n 
LOK |0 852   |a DE-Tue135 
LOK |0 852 1  |9 00 
LOK |0 935   |a ixzs  |a ixmi 
LOK |0 936ln  |0 1442043016  |a AD 
LOK |0 939   |a 04-04-16  |b l01 
ORI |a SA-MARC-ixtheoa001.raw 
REL |a 1 
STA 0 0 |a Africa,Africa,Africa,Christianity,Christian world view,World view,Christian ideology,Cultural identity,Cultural identity,Europe,Europe,Europe,The West,Occident,Northeastern Europe,Identity,Identity,Identity (Philosophical concept),Identity (Philosophical concept) in art,Identity (Psychology) in literature,Identity (Psychology) in art,Immigrants,Immigrant,Multi-cultural society,Multicultural society,Cultural pluralism,Pluralism,Culture,Cultural pluralism 
STB 0 0 |a Afrique,Christianisme,Christianisme,Europe,Identité culturelle,Identité culturelle,Identité,Identité,Identité (philosophie),Immigré,Immigré,Société multiculturelle,Société multiculturelle 
STC 0 0 |a Cristianismo,Cristianismo,Cristiandad,Cristiandad,Cristiandad (Motivo),Cristiandad,Europa,Identidad cultural,Identidad cultural,Identidad,Identidad,Inmigrante,Inmigrante,Sociedad multicultural,Sociedad multicultural,África 
STD 0 0 |a Africa,Cristianesimo,Cristianesimo,Europa,Identità culturale,Identità culturale,Identità,Identità,Immigrato,Immigrato,Società multiculturale,Società multiculturale 
STE 0 0 |a 基督教,基督教,基督教世界观,多元文化社会,文化认同,文化身份,移民,外来移民,外侨,身份,身份 
STF 0 0 |a 基督教,基督教,基督教世界觀,多元文化社會,文化認同,文化身份,移民,外來移民,外僑,身份,身份 
STG 0 0 |a Cristianismo,Cristianismo,Cristandade,Cristandade,Cristandade (Motivo),Cristandade,Europa,Identidade cultural,Identidade cultural,Identidade,Identidade,Imigrante,Imigrante,Sociedade multicultural,Sociedade multicultural,África 
STH 0 0 |a Африка (мотив),Европа (мотив),Иммигрант (мотив),Иммигрант,Культурная идентичность (мотив),Культурная идентичность,Личная идентификация (мотив),Личная идентификация,Многокультурное общество (мотив),Многокультурное общество,Христианство (мотив),Христианство 
STI 0 0 |a Αφρική (μοτίβο),Ευρώπη (μοτίβο),Μετανάστης (μοτίβο),Μετανάστης,Πολιτιστική ταυτότητα (μοτίβο),Πολιτιστική ταυτότητα,Πολυπολιτισμική κοινωνία (μοτίβο),Πολυπολιτισμική κοινωνία,Ταυτότητα (μοτίνο),Ταυτότητα,Χριστιανισμός (μοτίβο),Χριστιανισμός 
SUB |a REL 
SYE 0 0 |a Christianity,Christliche Mission,Missionierung,Christenheit,Christianitas,Christliche Religion,Christliche Weltanschauung , Subsaharisches Afrika,Africa,Afrikanische Länder,Afrikanische Staaten , Liberté,Europa III,Europe,Europäische Länder,Europäische Staaten , Abendland,Okzident , Sozialpsychologie - Identität , Afrika,Africa Proconsularis 
SYG 0 0 |a Liberté,Europa III,Europe,Europäische Länder,Europäische Staaten , Abendland,Okzident , Einwanderin,Immigrant,Immigranten,Immigrantin,Migrant <Einwanderer>,Migranten <Einwanderer>,Migrantin <Einwanderer>,Zuwanderer <Einwanderer>,Zuwanderin <Einwanderer>,Immigrant,Migrant,Zuwanderer , Identität,Kulturelles Bewusstsein,Identität,Kulturelles Bewusstsein , Interkulturalität,Interkulturelle Gesellschaft,Kulturpluralismus,Multikulturalismus,Multiethnische Gesellschaft,Multi-racial society,Rassenpluralismus,Transkulturalität,Transkulturelle Gesellschaft,Interkulturalität,Interkulturelle Gesellschaft,Kulturpluralismus,Kulturelle Vielfalt,Kulturelle Diversität,Multikulturalismus,Multiethnische Gesellschaft,Multi-racial society,Rassenpluralismus,Transkulturelle Gesellschaft,Multikulti,Multikulturalität